=LDR 00000nam 2200000 4500 =001 NUTBA000000000005159 =005 20250415011549 =035 ##$$a 0010-101400000000389 =008 250415################g##########0#ind## =020 ##$$a 978-602-855-102-21 =040 ##$$a NBPDMAT =082 ##$$a 573.3 =090 ##$$a 573.3 $b And e =100 ##$$a Andarini Trisnasari =245 1#$$a Ensiklopedi : $b Misteri manusia purba /$c Andarini Trisnasari; penyunting, Janu Iswadi =260 ##$$a Jakarta :$b Buana Cipta Pustaka,$c 2009 =300 ##$$a 50 hlm. : $b ilus. ; $c 24x17 cm. =650 #4$$a Manusia Prasejarah =700 #$$a Janu Iswadi =850 ##$$a NBPDMAT =084 ##$$a 573.3 AND e =990 ##$$a 21412052 =990 ##$$a 21412053 =990 ##$$a 21412054 =990 ##$$a 21412055 =990 ##$$a 21412056 =990 ##$$a 00090369